| 000 | 00628nam a2200253Ia 4500 | ||
|---|---|---|---|
| 008 | 160803s9999 xx 000 0 und d | ||
| 020 | _a9780439837668 | ||
| 100 | _aJames, Betsy | ||
| 245 | _aMy chair / | ||
| 245 | _cby Betsy James ; illustrated by Mary Newell DePalma. | ||
| 260 | _aNew York : | ||
| 260 | _bScholastic Inc. | ||
| 260 | _c2004 | ||
| 300 | _a1 volume (unpaged) : | ||
| 300 | _bcolor illustration ; | ||
| 300 | _c26 cm | ||
| 650 | _aChairs -- | ||
| 650 | _aImagination -- | ||
| 650 | _aNeighbors -- | ||
| 650 | _xFiction. | ||
| 650 | _xFiction. | ||
| 650 | _xFiction. | ||
| 700 | _a430 | ||
| 999 |
_c299219 _d299219 |
||